[Event "43rd POL-ch"]
[Site "Bytom POL"]
[Date "1986.02.??"]
[Round "6"]
[White "Panczyk, Krzysztof"]
[Black "Pokojowczyk, Jerzy"]
[Result "1-0"]
[WhiteElo "2375"]
[BlackElo "2380"]
[EventDate "1986.02.02"]
[PlyCount "141"]

1.d4 Nf6 2.c4 e6 3.Nc3 Bb4 4.e3 c5 5.Ne2 cxd4 6.exd4 d5 7.a3 Be7 8.c5 b6 
9.b4 O-O 10.g3 a5 11.Rb1 axb4 12.axb4 bxc5 13.dxc5 Nc6 14.Bg2 Rb8 15.Ba3 
Bd7 16.O-O Na7 17.Re1 Ne8 18.Nd4 Nc7 19.Na4 Bf6 20.Nb6 e5 21.Nf3 Bf5 22.
Ra1 Nc6 23.Qa4 e4 24.Nh4 Bd7 25.Rad1 Ra8 26.Nxa8 Qxa8 27.Qxa8 Rxa8 28.Bc1 
Nxb4 29.Bxe4 Ba4 30.Bf3 Bxd1 31.Rxd1 Ra5 32.Bd2 Nca6 33.Rb1 Ra1 34.Rxa1 
Bxa1 35.Be2 Bd4 36.c6 Bb6 37.Nf5 Kf8 38.Kg2 g6 39.Bh6+ Ke8 40.Nd6+ Kd8 41.
Nxf7+ Ke7 42.Ng5 Nc7 43.Nxh7 Nxc6 44.h4 Ne6 45.Bc1 Ne5 46.Ng5 Nxg5 47.
Bxg5+ Ke6 48.f4 Nc4 49.Bd3 Kf7 50.Kf3 Nd2+ 51.Kg4 Ne4 52.Bc2 Ke6 53.Bh6 
Kf7 54.Kf3 Nd2+ 55.Ke2 Nc4 56.f5 gxf5 57.Bxf5 Ne5 58.g4 Kf6 59.Bg5+ Kg7 
60.Bf4 Kf6 61.Bg5+ Kg7 62.Bf4 Kf6 63.Bc8 Nf7 64.g5+ Kg7 65.Kf3 Bc5 66.Be6 
d4 67.Kg4 Bb4 68.Bc4 Be7 69.Bxf7 Kxf7 70.Kf5 d3 71.Bd2 1-0

[Event "43rd POL-ch"]
[Site "Bytom POL"]
[Date "1986.02.??"]
[Round "6"]
[White "Staniszewski, Piotr"]
[Black "Stempin, Pawel"]
[Result "1-0"]
[WhiteElo "2405"]
[BlackElo "2400"]
[EventDate "1986.02.02"]
[PlyCount "125"]

1.d4 Nf6 2.c4 e6 3.Nf3 b6 4.g3 Ba6 5.b3 Bb4+ 6.Bd2 Be7 7.Bg2 d5 8.Nc3 c6 
9.O-O O-O 10.Bf4 Nbd7 11.Rc1 Rc8 12.Qd3 Nh5 13.Bd2 Nhf6 14.e4 b5 15.cxd5 
cxd5 16.e5 Ne4 17.Nxe4 dxe4 18.Qxe4 Nb6 19.Qg4 Re8 20.Ng5 Qd7 21.Ne4 Nd5 
22.Bh6 g6 23.Nc5 Bxc5 24.dxc5 Bb7 25.h4 Qe7 26.b4 Bc6 27.h5 f5 28.Qd4 Red8
29.hxg6 hxg6 30.Qd2 Rd7 31.a3 Qh7 32.Qg5 Rcd8 33.Rfd1 Rc8 34.Rd4 Qf7 35.
Rh4 Ne7 36.Bxc6 Nxc6 37.Qe3 Rcd8 38.Bg5 Rd3 39.Bf6 Qxf6 40.exf6 Rxe3 41.
fxe3 Kf7 42.Rh7+ Kxf6 43.Rc7 Ne5 44.Rc2 Rh8 45.Kf1 Ng4 46.Ke2 Ke5 47.Rd7 
Nf6 48.Rg7 Nd5 49.Rxg6 Ne7 50.Rg7 Kf6 51.Rxe7 Kxe7 52.Kf3 Rd8 53.c6 Rc8 
54.c7 Kf6 55.Rc5 a6 56.e4 Ke7 57.exf5 exf5 58.Kf4 Kd7 59.Rxf5 Rh8 60.Rc5 
Kc8 61.g4 Rh3 62.g5 Rxa3 63.g6 1-0

[Event "43rd POL-ch"]
[Site "Bytom POL"]
[Date "1986.02.??"]
[Round "6"]
[White "Tomaszewski, Roman"]
[Black "Nowak, Ignacy"]
[Result "0-1"]
[WhiteElo "2390"]
[BlackElo "2420"]
[EventDate "1986.02.02"]
[PlyCount "84"]

1.d4 Nf6 2.c4 g6 3.Nc3 Bg7 4.Nf3 O-O 5.g3 d6 6.Bg2 Nc6 7.O-O a6 8.h3 Rb8 
9.Bg5 h6 10.Be3 b5 11.cxb5 axb5 12.Qc1 Kh7 13.Nxb5 Rxb5 14.Qxc6 Rxb2 15.
Rfc1 Kg8 16.Nd2 Bb7 17.Qc3 Rb5 18.a4 Nd5 19.Bxd5 Rxd5 20.Qxc7 Ba6 21.Qxd8 
Rxd8 22.Ne4 Bxd4 23.Nc3 Bxc3 24.Rxc3 Bxe2 25.Bb6 Ra8 26.a5 Rd3 27.Rc7 e5 
28.Be3 Rd1+ 29.Rxd1 Bxd1 30.Ra7 Rxa7 31.Bxa7 Kf8 32.Be3 h5 33.f4 Be2 34.
Kf2 Ba6 35.fxe5 dxe5 36.g4 f5 37.gxf5 gxf5 38.Ba7 Kf7 39.h4 f4 40.Bb8 Ke6 
41.Bc7 Kf5 42.Bb8 e4 0-1

[Event "43rd POL-ch"]
[Site "Bytom POL"]
[Date "1986.02.??"]
[Round "7"]
[White "Dejkalo, Stefan"]
[Black "Dybowski, Jerzy"]
[Result "1/2-1/2"]
[WhiteElo "2435"]
[BlackElo "2365"]
[EventDate "1986.02.02"]
[PlyCount "68"]

1.d4 f5 2.g3 Nf6 3.Bg2 g6 4.Nf3 Bg7 5.O-O O-O 6.c3 d5 7.Bf4 c6 8.Nbd2 Ne4 
9.Nxe4 fxe4 10.Ne5 Nd7 11.Nxd7 Bxd7 12.Qb3 Qb6 13.f3 Bf5 14.fxe4 Qxb3 15.
axb3 Bxe4 16.Bxe4 dxe4 17.Bg5 Rxf1+ 18.Kxf1 Bf6 19.Bxf6 exf6 20.Kf2 Kf7 
21.g4 f5 22.gxf5 gxf5 23.Ke3 Kf6 24.Rg1 a5 25.Kf4 a4 26.bxa4 Rxa4 27.Rg5 
Ra5 28.b4 Ra2 29.Rxf5+ Kg6 30.Rg5+ Kf6 31.Rh5 Kg6 32.Rg5+ Kf6 33.Rg2 Rc2 
34.Kxe4 Rxc3 1/2-1/2

[Event "43rd POL-ch"]
[Site "Bytom POL"]
[Date "1986.02.??"]
[Round "7"]
[White "Flis, Jacek"]
[Black "Tomaszewski, Roman"]
[Result "1/2-1/2"]
[WhiteElo "2305"]
[BlackElo "2390"]
[EventDate "1986.02.02"]
[PlyCount "24"]

1.e4 c6 2.d4 d5 3.exd5 cxd5 4.Bd3 Nc6 5.c3 Nf6 6.h3 e5 7.dxe5 Nxe5 8.Nf3 
Nxf3+ 9.Qxf3 Be7 10.O-O O-O 11.Be3 b6 12.Nd2 Bb7 1/2-1/2

[Event "43rd POL-ch"]
[Site "Bytom POL"]
[Date "1986.02.??"]
[Round "7"]
[White "Nowak, Ignacy"]
[Black "Sygulski, Artur"]
[Result "0-1"]
[WhiteElo "2420"]
[BlackElo "2440"]
[EventDate "1986.02.02"]
[PlyCount "80"]

1.d4 Nf6 2.c4 g6 3.Nc3 d5 4.Nf3 Bg7 5.cxd5 Nxd5 6.e4 Nxc3 7.bxc3 c5 8.Rb1 
O-O 9.Be2 Qa5 10.O-O Qxa2 11.Bg5 Nd7 12.Bxe7 Re8 13.Bh4 cxd4 14.cxd4 Rxe4 
15.Bd3 Re8 16.Ra1 Qd5 17.Qa4 Bf6 18.Bg3 Rf8 19.Rab1 Bd8 20.Rb5 Qc6 21.Qa3 
a6 22.Rbb1 b5 23.Rfe1 Nf6 24.Rbc1 Qb7 25.d5 Qxd5 26.Rcd1 Qb7 27.Bh4 Qb6 
28.Bb1 Nd7 29.Be4 Bxh4 30.Nxh4 Ra7 31.Rd6 Qc5 32.Qd3 Ne5 33.Qd1 Bg4 34.Rd5
Qe7 35.Qa1 Re8 36.Bxg6 Nxg6 37.Rxe7 Raxe7 38.Rd1 Bxd1 39.h3 Re1+ 40.Kh2 
Nxh4 0-1

[Event "43rd POL-ch"]
[Site "Bytom POL"]
[Date "1986.02.??"]
[Round "7"]
[White "Stempin, Pawel"]
[Black "Panczyk, Krzysztof"]
[Result "1/2-1/2"]
[WhiteElo "2400"]
[BlackElo "2375"]
[EventDate "1986.02.02"]
[PlyCount "43"]

1.d4 Nf6 2.c4 e6 3.Nc3 c5 4.d5 exd5 5.cxd5 d6 6.Nf3 g6 7.Bf4 a6 8.e4 b5 9.
Bd3 Bg4 10.h3 Bxf3 11.Qxf3 Bg7 12.O-O O-O 13.Rfe1 Re8 14.Qd1 Ra7 15.Qd2 
Rae7 16.a3 Qc7 17.Rac1 Nbd7 18.b4 c4 19.Bc2 Ne5 20.Bg5 Qb6 21.Rf1 Rc7 22.
Be3 1/2-1/2

[Event "43rd POL-ch"]
[Site "Bytom POL"]
[Date "1986.02.??"]
[Round "8"]
[White "Czerwonski, Aleksander"]
[Black "Kuczynski, Robert"]
[Result "1/2-1/2"]
[WhiteElo "2320"]
[BlackElo "2410"]
[EventDate "1986.02.02"]
[PlyCount "92"]

1.d4 Nf6 2.c4 c5 3.d5 e6 4.Nc3 exd5 5.cxd5 d6 6.e4 g6 7.f3 Bg7 8.Bg5 h6 9.
Be3 O-O 10.Nge2 a6 11.a4 Re8 12.Ng3 h5 13.Be2 h4 14.Nf1 Nh7 15.g4 Nd7 16.
Nd2 Rb8 17.O-O Nb6 18.Ra3 Bd7 19.Qb3 Na8 20.Nc4 b5 21.axb5 Bxb5 22.Nxb5 
axb5 23.Na5 Qf6 24.Nc6 Rb7 25.Rfa1 Nb6 26.Qxb5 Qxb2 27.Na5 Rbb8 28.R1a2 
Qxb5 29.Bxb5 Nxd5 30.Bxe8 Nxe3 31.Ba4 Bd4 32.Rb3 Rxb3 33.Nxb3 Ng5 34.Nxd4 
cxd4 35.Kf2 Nh3+ 36.Ke1 Ng1 37.Bd1 Nxd1 38.Kxd1 Nxf3 39.h3 Ng5 40.Rd2 Nxe4
41.Rxd4 Nf2+ 42.Ke2 Nxh3 43.Rxd6 Kg7 44.Rd1 g5 45.Kf3 Kg6 46.Rd6+ f6 
1/2-1/2

[Event "43rd POL-ch"]
[Site "Bytom POL"]
[Date "1986.02.??"]
[Round "8"]
[White "Dybowski, Jerzy"]
[Black "Hawelko, Marek"]
[Result "0-1"]
[WhiteElo "2365"]
[BlackElo "2440"]
[EventDate "1986.02.02"]
[PlyCount "124"]

1.d4 Nf6 2.c4 e6 3.g3 d5 4.Bg2 dxc4 5.Nf3 a6 6.O-O b5 7.Ne5 Nd5 8.e4 Nf6 
9.a4 Bb7 10.axb5 axb5 11.Rxa8 Bxa8 12.Nc3 c6 13.Be3 Be7 14.Qa1 Nbd7 15.
Nxd7 Nxd7 16.d5 cxd5 17.exd5 O-O 18.Rd1 exd5 19.Qa7 Nf6 20.Nxb5 Bc6 21.Nc3
Qd6 22.Bf4 Qe6 23.Be3 h6 24.Ne2 Ra8 25.Qb6 Ba4 26.Qb7 Bc6 27.Qb6 Ba4 28.
Qb7 Qc6 29.Qxc6 Bxc6 30.Nc3 Rb8 31.Bd4 Kf8 32.h3 h5 33.Ra1 Ra8 34.Rxa8+ 
Bxa8 35.Kf1 Ne4 36.Nxe4 dxe4 37.Ke2 f5 38.Kd2 Bb4+ 39.Ke3 g5 40.Bf1 Bd5 
41.Bf6 Bc5+ 42.Ke2 f4 43.Bxg5 f3+ 44.Ke1 Bd4 45.Bc1 Kf7 46.g4 h4 47.Be3 
Bxb2 48.Kd2 Bf6 49.Kc2 Ke6 50.Kd2 Kd6 51.Kc2 Bf7 52.g5 Be5 53.g6 Bg8 54.
Bg5 Bd4 55.Bxh4 Ke5 56.Bg3+ Kf6 57.h4 Be6 58.h5 Kg5 59.Kd2 Kh6 60.g7 c3+ 
61.Kc2 Bxg7 62.Bb5 Bf5 0-1

[Event "43rd POL-ch"]
[Site "Bytom POL"]
[Date "1986.02.??"]
[Round "8"]
[White "Nowak, Ignacy"]
[Black "Flis, Jacek"]
[Result "1/2-1/2"]
[WhiteElo "2420"]
[BlackElo "2305"]
[EventDate "1986.02.02"]
[PlyCount "82"]

1.d4 Nf6 2.c4 d6 3.Nc3 Nbd7 4.Nf3 e5 5.e4 Be7 6.Be2 O-O 7.O-O c6 8.Be3 Re8
9.d5 Qc7 10.Nd2 h6 11.a3 Nf8 12.b4 Ng6 13.g3 Bh3 14.Re1 cxd5 15.Nxd5 Nxd5 
16.cxd5 Qd7 17.a4 a6 18.Nc4 Bd8 19.Bb6 Bg5 20.Be3 Bxe3 21.Nxe3 Rac8 22.Nc4
Qe7 23.a5 Qf6 24.Nb6 Rc3 25.Qd2 Rb3 26.Rab1 Rf3 27.Bf1 Bxf1 28.Kxf1 h5 29.
Re3 Qg5 30.Qe2 Rxe3 31.Qxe3 Qg4 32.Qe2 Qh3+ 33.Kg1 f5 34.f3 fxe4 35.Qxe4 
Ne7 36.Rc1 Nf5 37.Rc7 Rf8 38.Nd7 Nxg3 39.hxg3 Qxg3+ 40.Kh1 Qh3+ 41.Kg1 
Qg3+ 1/2-1/2

[Event "43rd POL-ch"]
[Site "Bytom POL"]
[Date "1986.02.??"]
[Round "8"]
[White "Panczyk, Krzysztof"]
[Black "Adamski, Jan"]
[Result "1/2-1/2"]
[WhiteElo "2375"]
[BlackElo "2380"]
[EventDate "1986.02.02"]
[PlyCount "53"]

1.d4 Nf6 2.c4 e6 3.Nc3 Bb4 4.e3 c5 5.Ne2 d5 6.a3 Bxc3+ 7.Nxc3 cxd4 8.exd4 
dxc4 9.Bxc4 Nc6 10.Be3 O-O 11.O-O b6 12.Ba2 Bb7 13.Re1 h6 14.d5 exd5 15.
Nxd5 Ne5 16.Bxb6 axb6 17.Rxe5 Bxd5 18.Bxd5 Ra5 19.Bxf7+ Kxf7 20.Qb3+ Rd5 
21.Rd1 Re8 22.f4 Rxe5 23.fxe5 Kg6 24.Qc2+ Kf7 25.Qb3 Kg6 26.Qc2+ Kf7 27.
Qb3 1/2-1/2

[Event "43rd POL-ch"]
[Site "Bytom POL"]
[Date "1986.02.??"]
[Round "8"]
[White "Staniszewski, Piotr"]
[Black "Dejkalo, Stefan"]
[Result "0-1"]
[WhiteElo "2405"]
[BlackElo "2435"]
[EventDate "1986.02.02"]
[PlyCount "84"]

1.d4 Nf6 2.c4 e6 3.Nf3 c5 4.d5 exd5 5.cxd5 d6 6.Nc3 g6 7.Bf4 a6 8.e4 b5 9.
Bd3 Bg7 10.O-O O-O 11.h3 Qe7 12.Re1 Nfd7 13.Qd2 f6 14.Bf1 Ne5 15.Nxe5 fxe5
16.Be3 Nd7 17.a4 b4 18.Nd1 Ra7 19.b3 a5 20.Nb2 Nb6 21.Nc4 Nxc4 22.Bxc4 Bf6
23.Bxc5 Ra8 24.Be3 h5 25.Bb5 g5 26.Rac1 g4 27.hxg4 hxg4 28.g3 Qh7 29.Bg5 
Qh5 30.Bh6 Rf7 31.Be8 Bb7 32.Bxf7+ Kxf7 33.Rc7+ Kg6 34.Rxb7 Rh8 35.Qd3 
Qxh6 36.Kf1 Rc8 37.Ke2 Rc3 38.Qd1 Qh2 39.Rh1 Qg2 40.Rh4 Bxh4 41.gxh4 Qxe4+
42.Kf1 Rh3 0-1

[Event "43rd POL-ch"]
[Site "Bytom POL"]
[Date "1986.02.??"]
[Round "8"]
[White "Sygulski, Artur"]
[Black "Bany, Jerzy"]
[Result "1/2-1/2"]
[WhiteElo "2440"]
[BlackElo "2390"]
[EventDate "1986.02.02"]
[PlyCount "29"]

1.d4 d5 2.Nf3 Nf6 3.c4 c6 4.cxd5 cxd5 5.Nc3 Nc6 6.Bf4 e6 7.e3 Be7 8.h3 O-O
9.Be2 Nh5 10.Bh2 f5 11.Ne5 Nf6 12.Rc1 Bd7 13.g4 Nxe5 14.Bxe5 Bc6 15.Bf3 
1/2-1/2

[Event "43rd POL-ch"]
[Site "Bytom POL"]
[Date "1986.02.??"]
[Round "8"]
[White "Tomaszewski, Roman"]
[Black "Pokojowczyk, Jerzy"]
[Result "1-0"]
[WhiteElo "2390"]
[BlackElo "2380"]
[EventDate "1986.02.02"]
[PlyCount "47"]

1.c4 e5 2.Nc3 d6 3.Nf3 Nc6 4.d4 exd4 5.Nxd4 Nge7 6.g3 g6 7.Nd5 Nxd5 8.cxd5
Ne5 9.Bg2 Bg7 10.O-O O-O 11.Bd2 Bd7 12.Rc1 Nd3 13.exd3 Bxd4 14.Qb3 Re8 15.
Rc4 Bb6 16.Bc3 Qg5 17.Rf4 Bf5 18.Qc4 Rac8 19.h4 Qe7 20.Rxf5 gxf5 21.Bh3 
Qe2 22.Qf4 Re5 23.Bxf5 Rce8 24.Qh6 1-0

[Event "43rd POL-ch"]
[Site "Bytom POL"]
[Date "1986.02.??"]
[Round "9"]
[White "Dejkalo, Stefan"]
[Black "Panczyk, Krzysztof"]
[Result "1-0"]
[WhiteElo "2435"]
[BlackElo "2375"]
[EventDate "1986.02.02"]
[PlyCount "163"]

1.g3 Nf6 2.Bg2 d5 3.Nf3 g6 4.b4 Qd6 5.a3 e5 6.Bb2 e4 7.Nd4 Bg7 8.Qc1 O-O 
9.O-O Nc6 10.Nxc6 Qxc6 11.d3 Bf5 12.Nd2 Qe6 13.Nb3 Bh3 14.Nc5 Qc8 15.dxe4 
Bxg2 16.Kxg2 Nxe4 17.Bxg7 Kxg7 18.Nxe4 dxe4 19.Qf4 Re8 20.Rad1 Re7 21.Rd4 
Qe6 22.Rfd1 Rae8 23.c4 Qa6 24.Qe3 Qc6 25.Kg1 a6 26.Qb3 Qf6 27.Qe3 Qe6 28.
Qb3 Qf6 29.Kg2 h5 30.h4 Qe6 31.Rd5 Kh7 32.a4 Qf6 33.a5 Qe6 34.Qc3 Qg4 35.
Qe3 Qe6 36.R1d4 Qf6 37.Kg1 Qe6 38.Kh2 Qf6 39.Kh1 Qe6 40.Kh2 Qf6 41.Kg2 Kg7
42.Rd1 c6 43.Rd6 Re6 44.c5 Rxd6 45.cxd6 Rd8 46.d7 Qe6 47.Qd4+ Kg8 48.Rd2 
Kh7 49.f3 exf3+ 50.exf3 Qe7 51.Kh3 Qe1 52.Kg2 Qe7 53.Kf2 Kg8 54.Rd1 Kh7 
55.Rd3 Kg8 56.Kf1 Kh7 57.Rd1 Kg8 58.Rd3 Kh7 59.Rd2 Kg8 60.Rd1 Kh7 61.Kf2 
Kg8 62.Rd2 Kh7 63.Qd6 Qxd6 64.Rxd6 Kg7 65.Ke3 Kf8 66.Ke4 Ke7 67.Ke5 Rxd7 
68.Rxd7+ Kxd7 69.Kf6 b6 70.axb6 Kc8 71.g4 Kb7 72.g5 Kxb6 73.Kxf7 c5 74.
bxc5+ Kxc5 75.Kxg6 a5 76.Kxh5 a4 77.g6 a3 78.g7 a2 79.g8=Q a1=Q 80.f4 Qf1 
81.Qg5+ Kd6 82.Qe5+ 1-0

[Event "43rd POL-ch"]
[Site "Bytom POL"]
[Date "1986.02.??"]
[Round "9"]
[White "Flis, Jacek"]
[Black "Sygulski, Artur"]
[Result "1/2-1/2"]
[WhiteElo "2305"]
[BlackElo "2440"]
[EventDate "1986.02.02"]
[PlyCount "51"]

1.e4 e5 2.Bc4 Bc5 3.Nf3 d6 4.Nc3 Nf6 5.d3 c6 6.Bb3 O-O 7.O-O Nbd7 8.Ne2 
Bb6 9.c3 Nc5 10.Bc2 Bg4 11.Kh1 Bxf3 12.gxf3 d5 13.Rg1 Ne6 14.Qf1 Re8 15.
Qg2 g6 16.f4 Nh5 17.f5 Nef4 18.Nxf4 Nxf4 19.Bxf4 exf4 20.Qf3 Qh4 21.Rg4 
Qxf2 22.Qxf2 Bxf2 23.Rxf4 Bb6 24.fxg6 hxg6 25.Rg1 Re7 26.d4 1/2-1/2

[Event "43rd POL-ch"]
[Site "Bytom POL"]
[Date "1986.02.??"]
[Round "9"]
[White "Hawelko, Marek"]
[Black "Staniszewski, Piotr"]
[Result "1-0"]
[WhiteElo "2440"]
[BlackElo "2405"]
[EventDate "1986.02.02"]
[PlyCount "75"]

1.e4 c5 2.Nf3 d6 3.d4 cxd4 4.Nxd4 Nf6 5.Nc3 a6 6.f4 e6 7.Qf3 Qb6 8.Nb3 Qc7
9.Bd3 b5 10.g4 Bb7 11.g5 Nfd7 12.Be3 Nc6 13.Qh3 b4 14.Ne2 g6 15.O-O-O Bg7 
16.Kb1 Na5 17.Rhe1 Nc4 18.Bc1 h6 19.gxh6 Rxh6 20.Qf1 Rxh2 21.Ned4 Rc8 22.
Qg1 Rh3 23.e5 dxe5 24.Nxe6 fxe6 25.Qxg6+ Kf8 26.Bxc4 Rh6 27.Qg5 Nb6 28.Bd3
e4 29.Rxe4 Bxe4 30.Bxe4 Qe7 31.Qa5 Nc4 32.Qxa6 Qc7 33.f5 Rh2 34.c3 Bf6 35.
Qxe6 Rf2 36.Bh6+ Bg7 37.Bxg7+ Kxg7 38.Rg1+ 1-0

[Event "43rd POL-ch"]
[Site "Bytom POL"]
[Date "1986.02.??"]
[Round "9"]
[White "Stempin, Pawel"]
[Black "Tomaszewski, Roman"]
[Result "1-0"]
[WhiteElo "2400"]
[BlackElo "2390"]
[EventDate "1986.02.02"]
[PlyCount "96"]

1.d4 d5 2.Nf3 Nf6 3.c4 dxc4 4.Nc3 c6 5.a4 Na6 6.e4 Bg4 7.Bxc4 e6 8.Be2 Bb4
9.O-O O-O 10.Bg5 h6 11.Bh4 Be7 12.e5 Nd5 13.Bxe7 Qxe7 14.h3 Bf5 15.Bd3 
Rfd8 16.Bxf5 exf5 17.Qb3 Nf4 18.Qc2 Qe6 19.Qd2 Nd5 20.Ne2 Qe7 21.Ng3 Qe6 
22.h4 Rd7 23.Rfd1 Rad8 24.Qc2 Ne7 25.Ne2 Nd5 26.Ng3 g6 27.Ra3 Kg7 28.Re1 
Nab4 29.Qb1 Nf4 30.h5 c5 31.dxc5 Nfd3 32.Rf1 Nxc5 33.Qe1 Ncd3 34.Qc3 a5 
35.Ne2 Kh7 36.Ned4 Qb6 37.hxg6+ fxg6 38.e6 Rc7 39.e7 Re8 40.Qd2 Nc5 41.
Ng5+ hxg5 42.Rh3+ Kg8 43.Qxg5 Rcxe7 44.Nxf5 Rc7 45.Nh6+ Kf8 46.Ng4 Ree7 
47.Rh8+ Kf7 48.Qf4+ Kg7 1-0

[Event "43rd POL-ch"]
[Site "Bytom POL"]
[Date "1986.02.??"]
[Round "10"]
[White "Dybowski, Jerzy"]
[Black "Bany, Jerzy"]
[Result "1/2-1/2"]
[WhiteElo "2365"]
[BlackElo "2390"]
[EventDate "1986.02.02"]
[PlyCount "35"]

1.d4 d5 2.c4 c6 3.cxd5 cxd5 4.Nc3 Nf6 5.Nf3 Nc6 6.Bf4 Bf5 7.e3 e6 8.Ne5 
Nxe5 9.Bxe5 Nd7 10.Bg3 Bb4 11.Qb3 Qb6 12.Be2 O-O 13.O-O Rfc8 14.Rfc1 Bf8 
15.Qxb6 Nxb6 16.Nb5 Rxc1+ 17.Rxc1 Rc8 18.Rxc8 1/2-1/2

[Event "43rd POL-ch"]
[Site "Bytom POL"]
[Date "1986.02.??"]
[Round "10"]
[White "Panczyk, Krzysztof"]
[Black "Hawelko, Marek"]
[Result "0-1"]
[WhiteElo "2375"]
[BlackElo "2440"]
[EventDate "1986.02.02"]
[PlyCount "80"]

1.d4 Nf6 2.c4 e6 3.Nc3 Bb4 4.e3 O-O 5.Ne2 Re8 6.a3 Bf8 7.e4 d5 8.e5 Nfd7 
9.cxd5 exd5 10.Nxd5 c5 11.Nec3 cxd4 12.Qxd4 Nxe5 13.Be2 Bg4 14.Be3 Bxe2 
15.Nxe2 Nbc6 16.Qd1 Nc4 17.O-O Nxb2 18.Qb3 Na5 19.Qxb2 Qxd5 20.Rfd1 Qf5 
21.Nd4 Qf6 22.Qb5 b6 23.Nf3 h6 24.a4 Red8 25.h3 Rxd1+ 26.Rxd1 Rd8 27.Rc1 
Ba3 28.Rb1 Qc6 29.Nd4 Qe4 30.Nf3 Rd5 31.Qf1 Qxa4 32.Qe2 Qe4 33.Qa2 Bc5 34.
Bxc5 Rxc5 35.Re1 Qf5 36.Re8+ Kh7 37.Qe2 Nc6 38.h4 Nd4 39.Nxd4 Rc1+ 40.Kh2 
Qf4+ 0-1

[Event "43rd POL-ch"]
[Site "Bytom POL"]
[Date "1986.02.??"]
[Round "10"]
[White "Staniszewski, Piotr"]
[Black "Kuczynski, Robert"]
[Result "0-1"]
[WhiteElo "2405"]
[BlackElo "2410"]
[EventDate "1986.02.02"]
[PlyCount "70"]

1.d4 d5 2.c4 c6 3.Nf3 Nf6 4.Nc3 e6 5.Bg5 h6 6.Bxf6 Qxf6 7.a3 dxc4 8.Ne5 
Nd7 9.Nxc4 Nb6 10.e3 Qd8 11.b4 Be7 12.Qb3 O-O 13.g3 Nxc4 14.Qxc4 a5 15.Rb1
axb4 16.axb4 Ra3 17.Bh3 b5 18.Qd3 c5 19.bxc5 Qa5 20.Rxb5 Qxc3+ 21.Qxc3 
Rxc3 22.Kd2 Ra3 23.Rhb1 Bd8 24.Kc2 Bc7 25.Bg2 Ba6 26.R5b3 Ra5 27.Bb7 Bc4 
28.Rb4 Ba2 29.Ra1 Rb8 30.e4 e5 31.Kb2 Be6 32.d5 Rxa1 33.Kxa1 Bc8 34.d6 
Rxb7 35.d7 Ra7+ 0-1

[Event "43rd POL-ch"]
[Site "Bytom POL"]
[Date "1986.02.??"]
[Round "10"]
[White "Sygulski, Artur"]
[Black "Czerwonski, Aleksander"]
[Result "0-1"]
[WhiteElo "2440"]
[BlackElo "2320"]
[EventDate "1986.02.02"]
[PlyCount "98"]

1.c4 Nf6 2.Nc3 g6 3.g3 Bg7 4.Bg2 O-O 5.e4 d6 6.Nge2 c5 7.O-O Nc6 8.d3 a6 
9.Rb1 Rb8 10.b3 Ne8 11.Be3 b5 12.Qd2 Nd4 13.cxb5 axb5 14.b4 Nc7 15.f4 Be6 
16.f5 gxf5 17.Bh6 fxe4 18.Qg5 Ne8 19.Bxe4 f6 20.Qh4 f5 21.Bxg7 Nxe2+ 22.
Nxe2 Nxg7 23.Bg2 Bxa2 24.Ra1 Bf7 25.Ra7 e6 26.Qh6 cxb4 27.d4 Qb6 28.Rfa1 
b3 29.Qd2 Rbc8 30.Rb7 Qd8 31.Rba7 Rc2 32.Qd3 Qg5 33.Qxb3 Rxe2 34.Bf1 Qe3+ 
35.Qxe3 Rxe3 36.Bxb5 Rb3 37.Kf2 Nh5 38.Ke2 Rb2+ 39.Ke3 Rxh2 40.Bd7 d5 41.
R1a6 Nxg3 42.Kf4 Nh5+ 43.Kf3 Rh3+ 44.Kf2 Nf4 45.Rb7 Nh5 46.Rbb6 Ng7 47.Rb1
Rh4 48.Rg1 Rxd4 49.Bxe6 Rf4+ 0-1

[Event "43rd POL-ch"]
[Site "Bytom POL"]
[Date "1986.02.??"]
[Round "10"]
[White "Tomaszewski, Roman"]
[Black "Adamski, Jan"]
[Result "1/2-1/2"]
[WhiteElo "2390"]
[BlackElo "2380"]
[EventDate "1986.02.02"]
[PlyCount "29"]

1.c4 e5 2.Nc3 d6 3.d4 exd4 4.Qxd4 Nc6 5.Qd2 Nf6 6.e4 g6 7.g3 Bg7 8.Bg2 O-O
9.f3 Nd7 10.b3 Nc5 11.Nge2 f5 12.exf5 Bxf5 13.O-O a5 14.Bb2 Nb4 15.Nb5 
1/2-1/2

[Event "43rd POL-ch"]
[Site "Bytom POL"]
[Date "1986.02.??"]
[Round "11"]
[White "Bany, Jerzy"]
[Black "Staniszewski, Piotr"]
[Result "0-1"]
[WhiteElo "2390"]
[BlackElo "2405"]
[EventDate "1986.02.02"]
[PlyCount "70"]

1.Nf3 Nf6 2.c4 e6 3.g3 d5 4.d4 dxc4 5.Qa4+ Nbd7 6.Bg2 a6 7.Nc3 Be7 8.O-O 
O-O 9.Qxc4 b5 10.Qd3 Bb7 11.Bf4 c5 12.dxc5 Nxc5 13.Qxd8 Rfxd8 14.Ne5 Bxg2 
15.Kxg2 b4 16.Nd1 Rac8 17.Rc1 Nd5 18.Ne3 g5 19.Nxd5 Rxd5 20.e4 Rdd8 21.Be3
Bf6 22.Nxf7 Kxf7 23.Rxc5 Rxc5 24.Bxc5 Rd2 25.Bxb4 Rxb2 26.a3 Bd4 27.g4 Kf6
28.Rd1 Ke5 29.Rd2 Kxe4 30.Kf1 Rxd2 31.Bxd2 Kf3 32.Bxg5 Bxf2 33.Bf6 Bc5 34.
a4 Bd6 35.h3 e5 0-1

[Event "43rd POL-ch"]
[Site "Bytom POL"]
[Date "1986.02.??"]
[Round "11"]
[White "Czerwonski, Aleksander"]
[Black "Dybowski, Jerzy"]
[Result "1-0"]
[WhiteElo "2320"]
[BlackElo "2365"]
[EventDate "1986.02.02"]
[PlyCount "93"]

1.d4 f5 2.Nf3 Nf6 3.g3 g6 4.Bg2 Bg7 5.c3 O-O 6.Nbd2 c6 7.Nc4 d6 8.Qb3 Kh8 
9.Ng5 Na6 10.h4 b5 11.Nd2 d5 12.Ndf3 Qe8 13.Ne5 Nc7 14.a4 Ne4 15.Bf4 bxa4 
16.Qxa4 Nb5 17.Bf3 h5 18.Qb4 Bf6 19.e3 Bd7 20.Be2 Kg7 21.Ra5 Ned6 22.O-O 
Rb8 23.Rfa1 Rb7 24.Qa4 Qc8 25.Qc2 Be6 26.Nxe6+ Qxe6 27.Nxc6 Nc4 28.Bxc4 
dxc4 29.Nxa7 Nd6 30.Nc6 Qe4 31.Qxe4 Nxe4 32.Nb4 g5 33.hxg5 Bxg5 34.Bxg5 
Nxg5 35.Ra7 Rxa7 36.Rxa7 Kf6 37.Rc7 h4 38.gxh4 Ne4 39.Nd5+ Ke6 40.Nb6 Rg8+
41.Kf1 f4 42.exf4 Nd2+ 43.Ke2 Nb3 44.Nxc4 Rg1 45.Rb7 Nc1+ 46.Kf3 Nd3 47.
Rb6+ 1-0

[Event "43rd POL-ch"]
[Site "Bytom POL"]
[Date "1986.02.??"]
[Round "11"]
[White "Dejkalo, Stefan"]
[Black "Tomaszewski, Roman"]
[Result "1-0"]
[WhiteElo "2435"]
[BlackElo "2390"]
[EventDate "1986.02.02"]
[PlyCount "99"]

1.d4 Nf6 2.c4 c6 3.Nf3 d5 4.e3 g6 5.Nc3 Bg7 6.Bd3 O-O 7.O-O Bg4 8.h3 Bxf3 
9.Qxf3 e6 10.Rd1 Nbd7 11.Qe2 Re8 12.Qc2 a6 13.Bd2 Rc8 14.Be1 Qe7 15.Rac1 
dxc4 16.Bxc4 c5 17.d5 Nb6 18.d6 Qd7 19.Be2 Rc6 20.Bf3 Nbd5 21.Na4 Rec8 22.
e4 Nb4 23.Qb3 e5 24.Nxc5 Rxc5 25.Rxc5 Rxc5 26.Bxb4 Rc6 27.Bc3 Rxd6 28.Rxd6
Qxd6 29.Qxb7 Qd3 30.a4 h6 31.a5 h5 32.Qb6 h4 33.Qe3 Qb1+ 34.Qe1 Qa2 35.Qf1
Qe6 36.Qd3 Bh6 37.Bd2 Bxd2 38.Qxd2 Nd7 39.b4 Qc6 40.Qg5 Nf6 41.Qxe5 Qc1+ 
42.Kh2 Nd7 43.Qd6 Nf8 44.Qxa6 Qd2 45.Qf1 Qxb4 46.Qa1 Qb8+ 47.Kg1 Nd7 48.a6
Qa7 49.Be2 Nb6 50.Qf6 1-0

[Event "43rd POL-ch"]
[Site "Bytom POL"]
[Date "1986.02.??"]
[Round "11"]
[White "Kuczynski, Robert"]
[Black "Panczyk, Krzysztof"]
[Result "1-0"]
[WhiteElo "2410"]
[BlackElo "2375"]
[EventDate "1986.02.02"]
[PlyCount "97"]

1.e4 e5 2.Nf3 Nc6 3.Bb5 a6 4.Ba4 Nf6 5.O-O Be7 6.Re1 b5 7.Bb3 O-O 8.d3 d6 
9.c3 Na5 10.Bc2 c5 11.Nbd2 Nc6 12.a4 Bb7 13.axb5 axb5 14.Rxa8 Bxa8 15.d4 
cxd4 16.cxd4 Qc7 17.Nb3 Nb4 18.Bb1 Rc8 19.d5 Nc2 20.Re2 Na1 21.Be3 Nxb3 
22.Qxb3 Qc4 23.Qd1 Qa4 24.Rc2 Rxc2 25.Bxc2 Qa2 26.Qc1 Qc4 27.Nd2 Qc8 28.f3
Nd7 29.Nb3 Qc4 30.Bd1 Qxc1 31.Nxc1 f5 32.Be2 Nf6 33.Bd3 Bb7 34.Na2 Bc8 35.
h3 fxe4 36.fxe4 Bd7 37.b4 Be8 38.Nc3 h5 39.Kf2 h4 40.Ba7 Bg6 41.Kf3 Nh5 
42.Bxb5 Bg5 43.Be3 Bxe3 44.Kxe3 Kf8 45.Bc6 Ke7 46.b5 Nf6 47.b6 Nd7 48.Bxd7
Kxd7 49.Nb5 1-0

[Event "43rd POL-ch"]
[Site "Bytom POL"]
[Date "1986.02.??"]
[Round "11"]
[White "Pokojowczyk, Jerzy"]
[Black "Sygulski, Artur"]
[Result "1/2-1/2"]
[WhiteElo "2380"]
[BlackElo "2440"]
[EventDate "1986.02.02"]
[PlyCount "122"]

1.c4 e5 2.Nc3 Bb4 3.g3 Nf6 4.Bg2 O-O 5.d3 Bxc3+ 6.bxc3 d6 7.e3 Nc6 8.Rb1 
Re8 9.e4 Nd7 10.Nh3 Nc5 11.O-O Qf6 12.Be3 Rb8 13.f3 Qg6 14.d4 Na6 15.Nf2 
f5 16.Kh1 b6 17.Qd3 Na5 18.c5 fxe4 19.fxe4 dxc5 20.dxc5 Bb7 21.Rfd1 Qf6 
22.cxb6 cxb6 23.Qe2 Rbd8 24.Rxd8 Rxd8 25.Qh5 g6 26.Ng4 Qe7 27.Qxe5 Qxe5 
28.Nxe5 Nc6 29.Ng4 h5 30.Nf6+ Kg7 31.e5 Rd3 32.Bg5 Nc7 33.c4 Ne6 34.Ne4 
Nxg5 35.Nxg5 Nd8 36.Bxb7 Nxb7 37.Re1 Rd7 38.Ne6+ Kh6 39.Nf4 Nc5 40.Nd5 Ne6
41.a4 Rf7 42.Kg2 g5 43.Ne3 g4 44.Nd5 Kg5 45.Nf6 Rc7 46.Ne4+ Kg6 47.Nd6 Rc5
48.h3 gxh3+ 49.Kxh3 Ng5+ 50.Kg2 Nf7 51.Nxf7 Kxf7 52.e6+ Ke7 53.Kh3 Rxc4 
54.a5 b5 55.Re5 a6 56.Rxh5 Rc6 57.g4 Rxe6 58.g5 Kf7 59.Kg4 Kg7 60.Rh1 Rc6 
61.Kh5 Rc2 1/2-1/2

[Event "43rd POL-ch"]
[Site "Bytom POL"]
[Date "1986.02.??"]
[Round "11"]
[White "Stempin, Pawel"]
[Black "Flis, Jacek"]
[Result "1-0"]
[WhiteElo "2400"]
[BlackElo "2305"]
[EventDate "1986.02.02"]
[PlyCount "83"]

1.d4 Nf6 2.c4 d6 3.Nc3 Nbd7 4.Nf3 e5 5.e4 Be7 6.Be2 O-O 7.O-O Re8 8.h3 c6 
9.Be3 Qc7 10.Rc1 Nf8 11.c5 dxc5 12.dxe5 N6d7 13.Bf4 Ng6 14.Bh2 Ndxe5 15.
Nd2 Qd8 16.Qc2 Nd7 17.f4 b5 18.Rcd1 c4 19.Kh1 Qb6 20.e5 Bb4 21.Nce4 Ndf8 
22.a3 Bxd2 23.Qxd2 Bf5 24.Bg1 Qc7 25.Nd6 Red8 26.Qe3 Ne7 27.Qg3 Ne6 28.Bg4
Bd3 29.f5 Nf8 30.Nxf7 Bxf1 31.Nxd8 Bxg2+ 32.Qxg2 Rxd8 33.Re1 Nd5 34.Bc5 
Nf4 35.Qg3 Nd3 36.Bd6 Qb6 37.Re2 Re8 38.f6 Qd4 39.Bd7 Ng6 40.Bxe8 Qd5+ 41.
Kh2 gxf6 42.Bxg6 1-0